GLOBAL MARKETING M,ANAGEMENT (Record no. 14246)

MARC details
000 -LEADER
fixed length control field 00275nam a22001337a 4500
003 - CONTROL NUMBER IDENTIFIER
control field SGT
082 ## - DEWEY DECIMAL CLASSIFICATION NUMBER
Classification number KEE
100 ## - MAIN ENTRY--PERSONAL NAME
Personal name KEEGAN, WARREN J.
245 ## - TITLE STATEMENT
Title GLOBAL MARKETING M,ANAGEMENT
250 ## - EDITION STATEMENT
Edition statement 8TH
260 ## - PUBLICATION, DISTRIBUTION, ETC. (IMPRINT)
Place of publication, distribution, etc PEARSON INDIA
Year of Publication 2017
300 ## - PAGE DESCRIPTION
No. of Pages 476
942 ## - ADDED ENTRY ELEMENTS (KOHA)
Source of classification or shelving scheme Dewey Decimal Classification
Koha item type Books
942 ## - ADDED ENTRY ELEMENTS (KOHA)
-- 1
Holdings
Withdrawn status Lost status Source of classification or shelving scheme Damaged status Not for loan Collection code Home library Current library Shelving location Date acquired Vendor Name Cost, normal purchase price SGTU Bill Number Total Checkouts Full call number Accession No. (Barcode) Date last seen Date last borrowed Bill Date Koha item type Total Renewals
    Dewey Decimal Classification     COMMERCE MANAGEMENT SGT Science & Social Sciences Library SGT Science & Social Sciences Library Text Book 27/12/2017 AHUJA BOOKS 699.00 SGTU 9088 1 KEE CM3846 16/01/2021 24/12/2020   Books  
    Dewey Decimal Classification     COMMERCE MANAGEMENT SGT Science & Social Sciences Library SGT Science & Social Sciences Library Text Book 27/12/2017 AHUJA BOOKS 699.00 SGTU 9088 1 KEE CM3847 12/01/2021 24/12/2020   Books  
    Dewey Decimal Classification     COMMERCE MANAGEMENT SGT Science & Social Sciences Library SGT Science & Social Sciences Library Text Book 27/12/2017 AHUJA BOOKS 699.00 SGTU 9088 2 KEE CM3848 30/04/2025 29/03/2025   Books 1
    Dewey Decimal Classification     COMMERCE MANAGEMENT SGT Science & Social Sciences Library SGT Science & Social Sciences Library Text Book 27/12/2017 AHUJA BOOKS 699.00 SGTU 9088   KEE CM3849 27/12/2017     Books  
    Dewey Decimal Classification     COMMERCE MANAGEMENT SGT Science & Social Sciences Library SGT Science & Social Sciences Library Text Book 27/12/2017 AHUJA BOOKS 699.00 SGTU 9088   KEE CM3850 27/12/2017     Books